Lebesgue theory in the bidual of C(x)

Αποθηκεύτηκε σε:
Λεπτομέρειες βιβλιογραφικής εγγραφής
Κύριος συγγραφέας: Kaplan, Samuel
Μορφή: Βιβλίο
Γλώσσα:English
Δημοσίευση: Providence, Rhode island : American Mathematical Society, c1996
Σειρά:Memoirs of the American Mathematical Society ; ; 579
Θέματα:
Ετικέτες: Προσθήκη ετικέτας
Δεν υπάρχουν, Καταχωρήστε ετικέτα πρώτοι!

MARC

LEADER 00000nam a2200000 i 4500
001 1/90302
008 990922s1996 eng d
020 |a 0821804634 
035 |l 10053048 
040 |a GR-MY-UA  |b gre  |e aacr 
041 0 |a eng 
082 0 |a 515.43 
100 1 |a Kaplan, Samuel. 
245 1 0 |a Lebesgue theory in the bidual of C(x) /  |c Kaplan Samuel 
260 |a Providence, Rhode island :   |b American Mathematical Society,   |c c1996 
300 |a vii, 127 p.;  |b ill.;  |c 26 cm. 
490 1 |a Memoirs of the American Mathematical Society  |v ; 579 
500 |a Incudes bibliographical references and indexes 
500 |a Volume 121, number 579 (third of 4 numbers) 
650 0 0 |a Lebesgue integral. 
650 0 0 |a Radon measures. 
650 0 0 |a Banach lattices. 
830 0 |a Memoirs of the American Mathematical Society ;  |v ; 579 
852 |a INST  |b SAMOS  |e 19990922  |h 515.43 KAP  |p 005300012217  |q 005300012217  |t BK  |y 0 
901 |a BIBL3-1999-3 
909 |a Σ  |b 063461 
922 |a 3ΕΛΗ  |b 199907  |c ΕΠΕΑΕΚ/ΜΑΘ  |d ΠΑΠΑΣΩΤΗΡΙΟΥ 
970 |a ΓΕΝΟΥΖΟΥ  |b ΧΡΥΣΑΝΘΗ  |z 1999/09/22